000 00248nam a2200097Ia 4500
001 912061
005 20250826185731.0
008 250824s9999 xx 000 0 und d
245 0 _aBU GELEN KÖROĞLUDUR
_cSAMED BEHRENGİ
260 _bAKVARYUM YAYINLARI
999 _c912061
_d912061